Chagall

Bibliographic Details
Main Author: Herald,artemis
Format: Book
Published: Uk : Magna books , 1993

MARC

LEADER 00000cam a2200000 7i4500
001 0000053893
005 20151027.0
008 151027
020 |a 1854224859 
090 0 0 |a 927.092   |b HER 
100 1 |a Herald,artemis 
245 1 0 |a Chagall   |c Artemis herald 
260 |a Uk :   |b Magna books ,   |c 1993 
999 |a 0000760045   |b Book   |c Adult Collection   |e Cawangan Pontian